000 01258nam a22003857a 4500
003 CHAP
005 20220817044207.0
008 090702s2007 it rn 00010 spa d
010 _a94283
011 _a95255
020 _a9789252056041
035 _a105872
040 _cCHAP
082 0 4 _a641
_bF3f v.87
110 2 _aFAO
245 1 0 _aAnalyse des risques relatifs à la sécurité sanitaire des aliments :
_bguide à l'usage des autorités nationales responsables de la sécurité sanitaire des aliments
_c/par FAO
260 _aRome :
_bFAO,
_c2007
300 _a129 p. :
_bgráfs.
410 2 0 _aFAO
490 0 _aAlimentación y nutrición
590 _aBATCH-UPD
_b10
_c20130110
_lUCH01
_h0844
590 _aBATCH-UPD
_b10
_c20130410
_lUCH01
_h0518
590 _aBATCH-UPD
_b10
_c20130914
_lUCH01
_h0818
590 _aCONVERSION
_b10
_c20130109
_lUCH01
_h1352
650 1 4 _aCalidad
_xControl de la.
_917484
650 1 4 _aGobierno.
_948401
650 1 4 _aInocuidad alimentaria.
_958836
650 1 4 _aPolítica alimentaria.
_990389
810 0 _aFAO
830 0 0 _aAlimentacion y nutricion
_94112
901 _aBK
911 _aen proceso
942 _cLIBRO
949 _a641 F3f v.87
_bBC
_cFAO
_d33724002045280
_eFAO1
_gDonaciØn
_h108895
_i105872
_sb
999 _c94283
_d94283